000 00613nam a22002297a 4500
003 UA-OsUOA
001 96771
007 ta
008 20130321b un ||||| |||| 00| 0 ukr d
100 _aМихайлов Н.
090 _a821.161.1
_bМ69
942 _cBK
040 _aUA-OsUOA
_brus
_cUA-OsUOA
_dUA-OsUOA
245 _aПокой нам только снится
300 _a416 с.
955 _a3
041 _arus
080 _a821.161.1
260 _aМ.
_bМолодая гвардия
_c1972
650 7 _a82 Література. Літературознавство
_2UDC
999 _c383021
_d383021